Statistiques concernant Voc allemand - Santé, maladie

Cliquez ici pour prendre le quiz!

Statistiques générales

  • Ce quiz a été pris 21 fois
  • Le résultat moyen est 23 sur 68

Statistiques - réponses

HintRéponse% Correct
FehlenAvoir mal
90%
Weh tunFaire mal
90%
Die Krankenkasse, -nLa caisse d'assurance maladie
80%
Die Krankheit, -enLa maladie
80%
Der Kranke, -nLe malade
80%
Der Artz, ¨-eLe médecin
80%
DickGros
65%
Die MedizinLa médecine
65%
Die GesundheitLa santé
65%
StarkFort
60%
Das Mittel / das Medikament, -eLe médicament
60%
Die Apotheke, -nLa pharmacie
55%
Die Diät, -enLe régime
55%
MagerMaigre
55%
GesundEn bonne santé
50%
Das Kondom, -eLe présservatif
50%
KrankMaladie
50%
Die Krankenschwester, -nL'infirmière
45%
DünnMince
45%
SchlankMince
45%
Das FieberLa fièvre
40%
Die Kraft, ¨-eLa force
40%
Der KrankenwagenL'ambulance
40%
Das WartezimmerLa salle d'attente
40%
Der HustenLa toux
40%
Der Verband, ¨-eLe pansement
40%
Das PflasterLe pansement
40%
BlutenSaigner
40%
Sich operieren lassenSe faire opérer
40%
Der Schmerz, -enLa douleur
35%
Das Rezept, -eL'ordonnance
35%
(Sich etwas) brechen(Se) casser
35%
SchwachFaible
30%
Die Verletzung, -enLa blessure
30%
Die Pille, -nLa pilule
30%
Die Wunde, -nLa plaie
30%
Der SchnupfenLe rhume
30%
AbnehmenMaigrir
30%
HustenTousser
30%
NiesenEternuer
25%
(Sich) verletzen(Se) blesser
25%
PflegenSoigner
25%
BehandelnSoigner
25%
LeidenSouffrir
25%
FitEn forme
20%
Das Röntgenbild, -erLa radio
20%
Die Impfung, -enLa vaccination
20%
Der Verletzte, -nLe blessé
20%
Die Praxis, -enLe cabinet
20%
Der Rollstuhl, ¨-eLe fauteuil roulant
20%
VerschreibenPrescrire
20%
UntersuchenExaminer
15%
Die Tablette, -nLe comprimé
15%
VerbindenPanser
15%
Die SprechstundeLa consultation
10%
Des BesserungL'amélioration
10%
Die Behandlung, -enLe traitement
10%
Die Untersuchung, -enL'examen
10%
Sich erkältenPrendre froid
10%
AussehenAvoir l'air
5%
Sich verschlechternEmpirer
5%
WirkenEtre efficace
5%
Die Erkältung, -enLe refroidissement
5%
Der KrankenpflegerL'infirmer
5%
KräftigVigoureux
5%
ZunehmenGrossier
0%
Die Salbe, -nLa pommade
0%
Sich erholenSe remettre
0%

Distribution des résultats

Percentile par nombre de réponses

% des personnes avec chaque résultat

Votre développement - résultats

Vous n’avez pas pris ce quiz